000 01197nam a22002897a 4500
001 9096
003 FISKH
005 20251120112431.0
008 251119b cb ||||| |||| 00| 0 eng d
020 _a9780194789080
040 _aFISKH
_beng
_cFISKH
_dFISKH
050 _aPE1126.A4 A43
082 _a428
100 _aAkinyemi , Rowena
245 _aLove or money /
_cBy Rowena Akinyemi
260 _aOxford :
_bOxford University Press ,
_c2008 .
300 _a56 pages :
_billustrator ;
_c20 cm .
490 _aOxford Booksworms
_v1
505 _aG
520 _aPack of ten best-selling iBookworms/i and#150; ideal for building up class libraries. Each Pack contains one copy of each listed title.liThe Adventures of Tom Sawyer/libr / liThe Elephant Man/libr /liA Little Princess/libr / liLove or Money?/libr / liThe Monkey's Paw/libr / liThe Phantom of the Opera/libr / liThe President's Murderer/libr / liSherlock Holmes and the Duke's Son/libr / liWhite Death/libr / liThe Wizard ofOz/li
521 8 _a320
_bLexile
521 8 _aG
_bRaz-Plus
650 _aGraded readers
700 _aBassett, Jennifer
_eSeries Editor
942 _2ddc
_cBK
_n0
999 _c9096
_d9096